Ecología de la comunicación /

שמור ב:
מידע ביבליוגרפי
מחבר ראשי: Romano, Vicente (autor)
פורמט: ספר
שפה:ספרדית
יצא לאור: Hondarribia, España : Hiru, 2004, c2004
סדרה:(Informe Hiru ; 16)
נושאים:
תגים: הוספת תג
אין תגיות, היה/י הראשונ/ה לתייג את הרשומה!

MARC

LEADER 00000nam^a2200000^a^4500
001 000188493
005 20250521000000.0
009 20260310102338.519
020 |a 84-95786-41-9 
037 |a Acervo ITESO - Biblioteca 
041 |a ESP 
082 |a 302. 201  |b ROM 
100 |a Romano, Vicente  |e (autor) 
245 1 0 |a Ecología de la comunicación /  |c V. Romano. 
264 4 |a Hondarribia, España :  |b Hiru,  |c 2004, c2004 
300 |a 283 p. 
336 |a texto  |b txt  |2 rdacontenido 
337 |a sin mediación  |b n  |2 rdamedio 
338 |a volumen  |b nc  |2 rdasoporte 
440 1 |a (Informe Hiru ;  |v 16) 
649 |a XX 
650 |a Competencia Comunicativa 
650 |a Comunicación Personal 
650 |a Proceso de Comunicación 
650 |a Desarrollo Sustentable 
650 |a Desarrollo Tecnológico 
650 |a Tecnología -  |x Difusión 
650 |a Tecnología -  |x Aspectos Eticos 
650 |a Tecnología y Sociedad 
650 |a Tecnologías de Comunicación e Información -  |x Aspectos Sociales y Culturales 
650 |a Tecnologías de Comunicación e Información -  |x Aspectos Eticos 
650 |a Teoría de Sistemas 
650 |a Ecología Social 
650 |a Medios de Comunicación 
650 |a Comunicación Masiva 
650 |a Comunicación -  |x Aspectos Eticos 
650 |a Sociología de la Comunicación 
910 |a Fondo General 
920 |a Impresos - Libros 
930 |a Colección General 
905 |a 101 
901 |a 0500130973  |b IT1  |c ACC  |u 20250521 
902 |a https://opac.biblio.iteso.mx/vufind/Record/000188493